Die 20 höchsten Berge Europas - Statistiken

Allgemein
  • Dieses Quiz wurde 608 mal gespielt
  • Das Durchschnittsergebnis liegt bei 4 aus 20
Antwortstatistiken
Höhe in m Gebirge Berg % Korrekt
4810 Savoyer Alpen Mont Blanc
92%
4478 Walliser Alpen Matterhorn
84%
4158 Berner Alpen Jungfrau
44%
4634 Walliser Alpen Dufourspitze
42%
4545 Walliser Alpen Dom
29%
4505 Walliser Alpen Weisshorn
25%
4274 Berner Alpen Finsteraarhorn
20%
4164 Walliser Alpen Breithorn
15%
4527 Walliser Alpen Liskamm
14%
4206 Walliser Alpen Alphubel
8%
4559 Walliser Alpen Signalkuppe / Punta Gnifetti
8%
4491 Walliser Alpen Täschhorn
8%
4193 Walliser Alpen Aletschhorn
6%
4563 Walliser Alpen Zumsteinspitze
6%
4102 Dauphiné-Alpen Barre des Écrins
4%
4190 Walliser Alpen Strahlhorn
4%
4208 Savoyer Alpen Grandes Jorasses
3%
4122 Savoyer Alpen Aiguille Verte
2%
4469 Savoyer Alpen Picco Luigi Amedeo
2%
4167 Walliser Alpen Balmenhorn
1%
Keine übereinstimmenden Quizze gefunden
Verteilung der Resultate
Anzahl Personen mit jedem Resultat
Perzentil nach korrekt beantworteten Fragen
Ihre Resultats-Entwicklung
Sie haben dieses Quiz noch nicht gespielt